Heavy hydrocarbon resources : Characterization, upgrading, and utilization
Guardado en:
| Formato: | Libro |
|---|---|
| Lenguaje: | Undetermined |
| Publicado: |
Washington, DC
American Chemical Society
2004
|
| Materias: | |
| Etiquetas: |
Agregar Etiqueta
Sin Etiquetas, Sea el primero en etiquetar este registro!
|
| Thư viện lưu trữ: | Trung tâm Học liệu Trường Đại học Cần Thơ |
|---|
| LEADER | 00634nam a2200205Ia 4500 | ||
|---|---|---|---|
| 001 | CTU_117935 | ||
| 008 | 210402s9999 xx 000 0 und d | ||
| 020 | |c 125.00 | ||
| 082 | |a 547.412 | ||
| 082 | |b H442 | ||
| 245 | 0 | |a Heavy hydrocarbon resources : | |
| 245 | 0 | |b Characterization, upgrading, and utilization | |
| 245 | 0 | |c Edited by Masakatsu Nomura, Parviz M. Rahimi and Omer Refa Koseoglu | |
| 260 | |a Washington, DC | ||
| 260 | |b American Chemical Society | ||
| 260 | |c 2004 | ||
| 650 | |a asphaltene,petroleum | ||
| 650 | |x congresses,congresses | ||
| 904 | |i Minh | ||
| 980 | |a Trung tâm Học liệu Trường Đại học Cần Thơ | ||